[Event "Moscow Open 2009 A"]
[Site ""]
[Date "2009.01.31"]
[Round "1.94"]
[White "Onoprienko, Vladimir"]
[Black "Potapov, Alexey"]
[Result "1-0"]
[WhiteElo "2372"]
[BlackElo "2316"]
[Annotator ""]
[Source ""]
[Remark ""]

1.e4 e6 2.Nf3 d5 3.Nc3 Nf6 4.e5 Nfd7 5.d4 c5 6.dxc5 Nc6 7.Bf4
Bxc5 8.Bd3 f6 9.exf6 Nxf6 10.O-O O-O 11.Bg3 a6 12.Qd2 Qe7 13.Rae1
Bd7 14.Qg5 Rae8 15.Qh4 Nb4 16.Ne5 Nxd3 17.Nxd3 Ba7 18.Be5 Rc8
19.Qg3 Rfe8 20.Kh1 Bc6 21.f3 a5 22.Re2 b5 23.Rfe1 b4 24.Nd1 Bb5
25.Bxf6 Qxf6 1-0

[Event "Moscow Open 2009 A"]
[Site ""]
[Date "2009.01.31"]
[Round "1.95"]
[White "Arslanov, Shamil"]
[Black "Ageichenko, Genadi A"]
[Result "1/2-1/2"]
[WhiteElo "2316"]
[BlackElo "2367"]
[Annotator ""]
[Source ""]
[Remark ""]

1.e4 c6 2.d4 d5 3.exd5 cxd5 4.c4 Nf6 5.Nc3 g6 6.cxd5 Bg7 7.Qb3
O-O 8.Nge2 Na6 9.g3 Nc7 10.Bg2 Qd7 11.O-O Rd8 12.Nf4 Rb8 13.Re1
Qd6 14.Nd3 Ncxd5 15.Nxd5 Nxd5 16.Bxd5 Qxd5 17.Bf4 Qxb3 18.axb3
Ra8 19.Rxe7 Bf6 20.Rc7 Bxd4 21.Nc5 b6 22.Nb7 Rd7 23.Rxd7 Bxd7
24.Rd1 Bc6 25.Rxd4 Bxb7 1/2-1/2

[Event "Moscow Open 2009 A"]
[Site ""]
[Date "2009.01.31"]
[Round "1.96"]
[White "Shukh, Nikolai"]
[Black "Losev, Dmitry"]
[Result "1-0"]
[WhiteElo "2364"]
[BlackElo "2313"]
[Annotator ""]
[Source ""]
[Remark ""]

1.e4 c5 2.Nf3 d6 3.Bc4 Nc6 4.c3 Nf6 5.Qe2 e6 6.Bb3 Be7 7.O-O
O-O 8.d4 b6 9.e5 dxe5 10.dxe5 Nd7 11.Bf4 Qc7 12.Nbd2 Bb7 13.Rad1
Rfd8 14.Nc4 Ba6 15.Qe4 Nf8 16.Rfe1 Rxd1 17.Bxd1 Rd8 18.Bc2 Bb7
19.Qe3 Ng6 20.Bg3 1-0

[Event "Moscow Open 2009 A"]
[Site ""]
[Date "2009.01.31"]
[Round "1.99"]
[White "Prokopchuk, Yury"]
[Black "Matinian, Nikita"]
[Result "0-1"]
[WhiteElo "2310"]
[BlackElo "2361"]
[Annotator ""]
[Source ""]
[Remark ""]

1.d4 Nf6 2.Bg5 c5 3.Bxf6 gxf6 4.dxc5 e6 5.Nd2 Bxc5 6.Ne4 d5 7.Nxc5
Qa5+ 8.c3 Qxc5 9.Qd4 Qe7 10.Nf3 Nc6 11.Qd2 Bd7 12.e3 O-O-O 13.Be2
Rhg8 14.g3 Kb8 15.O-O e5 16.Rfd1 Bg4 17.Ne1 e4 18.Bxg4 Rxg4 19.Qe2
Qe6 20.Rd2 Ne5 21.Rad1 Qf5 22.Qb5 a6 23.Qa5 Nc6 24.Qb6 Rdg8 25.c4
d4 26.exd4 h5 27.Kg2 h4 28.Qc5 Qh7 0-1

[Event "Moscow Open 2009 A"]
[Site ""]
[Date "2009.01.31"]
[Round "1.100"]
[White "Filipenko, Alexander V"]
[Black "Leontiev, Aleksandr V"]
[Result "1/2-1/2"]
[WhiteElo "2360"]
[BlackElo "2309"]
[Annotator ""]
[Source ""]
[Remark ""]

1.e4 Nf6 2.e5 Nd5 3.d4 d6 4.c4 Nb6 5.exd6 cxd6 6.Nc3 e5 7.Nf3
Nc6 8.d5 Ne7 9.c5 Nd7 10.Bb5 a6 11.Ba4 dxc5 12.Nxe5 b5 13.Nxd7
Qxd7 14.Bc2 Bb7 15.O-O Nxd5 16.Re1+ Be7 17.Bg5 f6 18.Qh5+ Kf8
19.Rad1 Qe8 20.Qxe8+ Rxe8 21.Nxd5 Bxd5 22.Rxd5 fxg5 23.Rde5 Kf7
24.Be4 Rd8 25.Bd5+ Kg6 26.Bf7+ Kxf7 27.Rxe7+ Kg6 28.R1e6+ Kh5
29.h3 Rd1+ 30.Kh2 Rd2 31.Rxg7 Rxf2 32.Re5 h6 33.Kg3 Rxb2 34.h4
Rb4 35.hxg5 Rg4+ 36.Kh3 hxg5 37.g3 c4 38.Rc5 b4 39.Rb7 c3 40.Rb6
Rd4 41.Rxa6 Rg8 42.Rb6 Ra8 43.Rbb5 Rxa2 44.Rxg5+ Kh6 1/2-1/2

[Event "Moscow Open 2009 A"]
[Site ""]
[Date "2009.01.31"]
[Round "1.102"]
[White "Iljiushenok, Ilia"]
[Black "Kalmachevskikh, Viktor"]
[Result "0-1"]
[WhiteElo "2360"]
[BlackElo "2306"]
[Annotator ""]
[Source ""]
[Remark ""]

1.e4 c5 2.Nc3 g6 3.d4 cxd4 4.Qxd4 Nf6 5.e5 Nc6 6.Qf4 Ng8 7.Bc4
f5 8.Nf3 Bg7 9.O-O Nh6 10.h3 e6 11.Rd1 Qe7 12.Nb5 O-O 13.b3 g5
14.Qxg5 Qxg5 15.Bxg5 Nf7 16.Be3 Nfxe5 17.Nxe5 Bxe5 18.Rac1 d5
19.Bf1 a6 20.f4 axb5 21.fxe5 b4 22.Bh6 Rf7 23.c3 bxc3 24.Rxc3
Bd7 25.Re1 Kh8 26.Bg5 Rxa2 27.Rg3 Ra8 28.Bf6+ Rxf6 29.exf6 Rg8
30.Kf2 Rxg3 31.Kxg3 Kg8 32.Kh4 Kf7 33.Kg5 e5 34.g4 fxg4 35.hxg4
Nd4 36.Re3 e4 37.Bg2 h6+ 38.Kxh6 Kxf6 39.g5+ Ke5 40.Re1 Nf5+
41.Kh5 Be8+ 42.Kg4 Bg6 43.b4 b6 44.Rc1 d4 0-1

[Event "Moscow Open 2009 A"]
[Site ""]
[Date "2009.01.31"]
[Round "1.103"]
[White "Morozov, Grigoriy"]
[Black "Kulakov, Viacheslav"]
[Result "0-1"]
[WhiteElo "2306"]
[BlackElo "2360"]
[Annotator ""]
[Source ""]
[Remark ""]

1.d4 d5 2.Nf3 Nf6 3.c4 c6 4.Qc2 e6 5.g3 Nbd7 6.Bg2 Be7 7.O-O
O-O 8.b3 b6 9.Bb2 Ba6 10.Nbd2 c5 11.e4 dxc4 12.bxc4 cxd4 13.e5
d3 14.Qc3 Ne8 15.Nd4 Nxe5 16.Nxe6 fxe6 17.Qxe5 Rc8 18.Qxe6+ Kh8
19.Rad1 Nf6 20.Rc1 Bb4 21.Rfd1 Rc7 22.a3 Ba5 23.Ne4 d2 24.Rc2
Qd3 25.Rcxd2 Bxd2 26.Nxf6 Qc2 27.Rxd2 Qxd2 28.Nxh7 Qxf2+ 29.Kh1
Bb7 0-1

[Event "Moscow Open 2009 A"]
[Site ""]
[Date "2009.01.31"]
[Round "1.104"]
[White "Onoprijchuk, Boris"]
[Black "Rozanov, Pavel B"]
[Result "1/2-1/2"]
[WhiteElo "2358"]
[BlackElo "2306"]
[Annotator ""]
[Source ""]
[Remark ""]

1.e4 e5 2.d4 d5 3.Nd2 dxe4 4.Nxe4 Bd7 5.Nf3 Bc6 6.Bd3 Nd7 7.O-O
Ngf6 8.Qe2 Nxe4 9.Bxe4 Bxe4 10.Qxe4 c6 11.c4 Be7 12.Bf4 O-O 13.Nxe5
Re8 14.Rad1 Nf6 15.Qe2 Qa5 16.b3 Rad8 17.Rd3 c5 18.dxc5 Qxc5
19.Rfd1 Rxd3 20.Nxd3 Qa5 21.Ne5 Rd8 22.Rxd8+ Qxd8 23.Qd2 Qb6
24.Nd7 Qc6 25.Nxf6+ Bxf6 26.Qd6 Qxd6 27.Bxd6 Bd4 28.Kf1 1/2-1/2

[Event "Moscow Open 2009 A"]
[Site ""]
[Date "2009.01.31"]
[Round "1.105"]
[White "Stoletov, Gennadi"]
[Black "Zolotukhin, Valery"]
[Result "0-1"]
[WhiteElo "2306"]
[BlackElo "2358"]
[Annotator ""]
[Source ""]
[Remark ""]

1.e4 Nc6 2.Nf3 d5 3.exd5 Qxd5 4.Nc3 Qa5 5.Be2 Bg4 6.d3 Nf6 7.Bd2
e6 8.a3 O-O-O 9.b4 Qf5 10.h3 Bxf3 11.Bxf3 Nd4 12.Be4 Nxe4 13.Nxe4
Be7 14.O-O h5 15.Re1 g5 16.c3 Nc6 17.d4 g4 18.b5 Nb8 19.h4 Bxh4
20.Qa4 Be7 21.Qxa7 h4 22.Qa4 h3 23.Qd1 hxg2 24.Kxg2 Rh3 25.Qe2
Rdh8 26.Ng3 Rh2+ 27.Kg1 Qf3 28.Qxf3 gxf3 0-1

[Event "Moscow Open 2009 A"]
[Site ""]
[Date "2009.01.31"]
[Round "1.106"]
[White "Biryukov, Dmitriy"]
[Black "Osmolny, Vladimir I"]
[Result "1-0"]
[WhiteElo "2357"]
[BlackElo "2306"]
[Annotator ""]
[Source ""]
[Remark ""]

1.e4 c5 2.Nf3 Nf6 3.Nc3 d5 4.exd5 Nxd5 5.Ne4 e6 6.d4 cxd4 7.Nxd4
Be7 8.Bc4 O-O 9.O-O a6 10.a4 b6 11.Nf5 Bb7 12.Nxe7+ Qxe7 13.Re1
Qc7 14.Bxd5 Bxd5 15.Nf6+ gxf6 16.Bh6 Kh8 17.Bxf8 Nc6 18.c4 Bxg2
19.Bd6 Qb7 20.Kxg2 Ne5+ 21.f3 1-0

[Event "Moscow Open 2009 A"]
[Site ""]
[Date "2009.01.31"]
[Round "1.107"]
[White "Prosviriakov, Vladimir"]
[Black "Stukopin, Andrey"]
[Result "1-0"]
[WhiteElo "2305"]
[BlackElo "2357"]
[Annotator ""]
[Source ""]
[Remark ""]

1.Nf3 d5 2.d4 Nf6 3.Bg5 Bf5 4.e3 e6 5.c4 h6 6.Bxf6 gxf6 7.Qb3
Nc6 8.c5 Rb8 9.Bb5 Qd7 10.Qa4 a6 11.Bxc6 Qxc6 12.Qxc6+ bxc6 13.b3
Rg8 14.g3 Kd7 15.Nbd2 Bd3 16.O-O-O e5 17.Kb2 exd4 18.exd4 h5
19.Kc3 Bh7 20.Nh4 Bh6 21.f4 Rg4 22.Ndf3 Be4 23.Rhf1 Rgg8 24.Rde1
Bg7 25.Re2 f5 26.Ne5+ Bxe5 27.fxe5 Ke6 28.Ref2 Rg5 29.Rf4 f6
30.exf6 Kxf6 31.Nf3 Rg4 32.Ne5 Rxf4 33.Rxf4 Rh8 34.Nxc6 1-0

[Event "Moscow Open 2009 A"]
[Site ""]
[Date "2009.01.31"]
[Round "1.110"]
[White "Ajrapetian, Gevorg"]
[Black "Kashlinskaya, Alina"]
[Result "0-1"]
[WhiteElo "2350"]
[BlackElo "2302"]
[Annotator ""]
[Source ""]
[Remark ""]

1.e4 c5 2.Nf3 d6 3.c3 Nf6 4.Bd3 Nc6 5.Bc2 Bg4 6.d3 e6 7.O-O d5
8.Re1 d4 9.c4 e5 10.Nbd2 Bd6 11.Nf1 O-O 12.h3 Bd7 13.Ng3 Re8
14.Nh4 g6 15.Bg5 Bf8 16.Qd2 Bg7 17.Bh6 Ng4 18.hxg4 Qxh4 19.Bg5
Qxg4 20.Nf5 f6 21.Nxg7 Kxg7 22.Bh6+ Kh8 23.Qe2 Qxe2 24.Rxe2 g5
25.f3 Nd8 26.g3 Nf7 27.Rh2 Re6 28.Kf2 f5 29.Rah1 f4 30.gxf4 exf4
31.a3 a5 32.Bg7+ Kxg7 33.Rxh7+ Kg8 0-1

[Event "Moscow Open 2009 A"]
[Site ""]
[Date "2009.01.31"]
[Round "1.112"]
[White "Chizhikov, Vladislav"]
[Black "Galiaev, Andrey"]
[Result "1/2-1/2"]
[WhiteElo "2167"]
[BlackElo "2288"]
[Annotator ""]
[Source ""]
[Remark ""]

1.e4 c5 2.Nf3 Nc6 3.d4 cxd4 4.Nxd4 e5 5.Nb5 d6 6.N1c3 a6 7.Na3
b5 8.Nd5 Nf6 9.Bg5 Be7 10.Bxf6 Bxf6 11.c3 Bg5 12.Nc2 Rb8 13.a4
bxa4 14.Ncb4 Nxb4 15.Nxb4 Bd7 16.Bxa6 Qa5 17.Qxd6 Rb6 18.Qd3
Be7 19.Nd5 Rxb2 20.O-O-O Ba3 21.Nf6+ gxf6 22.Qxd7+ Kf8 23.Qc8+
Kg7 1/2-1/2

[Event "Moscow Open 2009 A"]
[Site ""]
[Date "2009.01.31"]
[Round "1.113"]
[White "Haroutjunian, Dmitri"]
[Black "Kozganbayev, Erken"]
[Result "1-0"]
[WhiteElo "2288"]
[BlackElo "2161"]
[Annotator ""]
[Source ""]
[Remark ""]

1.Nf3 Nf6 2.c4 g6 3.b3 Bg7 4.Bb2 O-O 5.g3 d6 6.d4 Nfd7 7.Bg2
e5 8.Nc3 Nc6 9.d5 Ne7 10.e4 h6 11.O-O f5 12.exf5 Nxf5 13.Ne4
Nf6 14.Nfd2 Nxe4 15.Bxe4 Nd4 16.Kg2 g5 17.Bxd4 exd4 18.Rc1 Bd7
19.b4 a5 20.b5 b6 21.Qe2 Qf6 22.Qd3 Rae8 23.f3 Bc8 24.Rcd1 Bf5
25.Bxf5 Qxf5 26.Qxf5 Rxf5 27.Rfe1 Rfe5 28.Rxe5 Rxe5 29.Ne4 Re8
30.h3 Kf7 31.Kf2 Kg6 32.Re1 1-0

[Event "Moscow Open 2009 A"]
[Site ""]
[Date "2009.01.31"]
[Round "1.114"]
[White "Seliverstov, Vitaliy"]
[Black "Kolmakov, Pavel"]
[Result "1/2-1/2"]
[WhiteElo "2156"]
[BlackElo "2284"]
[Annotator ""]
[Source ""]
[Remark ""]

1.e4 c5 2.Nf3 e6 3.c3 Nf6 4.Bd3 d5 5.e5 Nfd7 6.O-O Be7 7.Bc2
Nc6 8.d4 b6 9.a3 Qc7 10.Re1 Ba6 11.Nbd2 cxd4 12.cxd4 g5 13.Nb3
g4 14.Nfd2 h5 15.Nf1 O-O-O 16.Be3 f6 17.exf6 Bxf6 18.Rc1 Kb7
19.Bd3 Bxd3 20.Qxd3 a6 21.Rc2 e5 22.Rec1 e4 23.Qd2 Ndb8 24.Bg5
Qe7 25.Bf4 Rc8 26.Ne3 Qe6 27.a4 a5 28.Qe2 Nxd4 29.Rc7+ Rxc7 30.Rxc7+
Ka8 31.Nxd4 Bxd4 32.Qb5 Rd8 33.b4 Bxe3 34.fxe3 d4 35.Rc1 Rd5
36.Qc4 dxe3 37.Re1 Rd1 38.Qe2 Rxe1+ 39.Qxe1 Nc6 40.bxa5 Nxa5
41.Qxe3 Kb7 42.Qc3 1/2-1/2

[Event "Moscow Open 2009 A"]
[Site ""]
[Date "2009.01.31"]
[Round "1.116"]
[White "Tkachuk, Andrey"]
[Black "Korovianski, Dmitry"]
[Result "0-1"]
[WhiteElo "2150"]
[BlackElo "2281"]
[Annotator ""]
[Source ""]
[Remark ""]

1.e4 c5 2.Nf3 Nc6 3.Nc3 e6 4.d4 cxd4 5.Nxd4 Nf6 6.Ndb5 d6 7.Bf4
e5 8.Bg5 a6 9.Na3 b5 10.Bxf6 gxf6 11.Nd5 Bg7 12.Be2 f5 13.exf5
Bxf5 14.c3 Ne7 15.Nxe7 Qxe7 16.Nc2 Be6 17.Ne3 Rb8 18.Bg4 O-O
19.Bf5 b4 20.Qh5 h6 21.c4 e4 22.Rb1 b3 23.a3 Rbc8 24.Qg4 Rc5
25.Bxe6 Qxe6 26.Qd1 f5 27.Qxb3 f4 28.Nd5 Kh8 29.Rd1 Qg4 30.Rg1
e3 31.f3 Qh4+ 32.Ke2 Qf2+ 33.Kd3 e2 34.Rde1 Rxd5+ 0-1

[Event "Moscow Open 2009 A"]
[Site ""]
[Date "2009.01.31"]
[Round "1.119"]
[White "Matvienko, Ivan"]
[Black "Barsamian, Eduard"]
[Result "1-0"]
[WhiteElo "2275"]
[BlackElo "2138"]
[Annotator ""]
[Source ""]
[Remark ""]

1.e4 c5 2.Nf3 e6 3.d4 cxd4 4.Nxd4 a6 5.Be2 Nf6 6.Nc3 Qc7 7.O-O
b5 8.Bf3 Nc6 9.e5 Ng8 10.Nxc6 dxc6 11.a4 b4 12.Ne4 Bb7 13.Nd6+
Bxd6 14.exd6 Qd7 15.Qd4 Nf6 16.Qxb4 O-O 17.a5 Rab8 18.Qc5 Ba8
19.Be2 Ne4 20.Qc4 Nxd6 21.Qxa6 Nb5 22.Rd1 Nd4 23.Kf1 Qd6 24.f4
e5 25.c3 Qh6 26.cxd4 Qxh2 27.fxe5 c5 28.d5 Rbe8 29.Qc4 Rxe5 30.Bf3
Rf5 31.Kf2 h5 32.Be3 Rb8 33.Rd2 g5 34.Qe4 Re5 35.Rh1 Bxd5 36.Qxd5 1-0

[Event "Moscow Open 2009 A"]
[Site ""]
[Date "2009.01.31"]
[Round "1.120"]
[White "Ezhikov, Vitaly"]
[Black "Khojayan, Vardan"]
[Result "1/2-1/2"]
[WhiteElo "2136"]
[BlackElo "2272"]
[Annotator ""]
[Source ""]
[Remark ""]

1.d4 Nf6 2.c4 e6 3.Nf3 b6 4.g3 Ba6 5.Qa4 Bb7 6.Bg2 c5 7.O-O Be7
8.Nc3 O-O 9.Re1 cxd4 10.Nxd4 Bxg2 11.Kxg2 Qc8 12.f3 a6 13.e4
Qb7 14.Be3 Rc8 15.Qb3 d6 16.Na4 Nbd7 17.Rac1 Bf8 18.Qd3 h6 19.b3
d5 20.cxd5 exd5 21.exd5 Nxd5 22.Bf2 Nb4 23.Qb1 Rxc1 24.Rxc1 Ne5
25.Rc3 Rd8 26.a3 Nd5 27.Qe4 Qb8 28.Rc2 Bxa3 29.f4 Ng4 30.Nc6
Qb7 31.Nxd8 Nde3+ 32.Kf3 Qxe4+ 33.Kxe4 Nxc2 34.Bxb6 1/2-1/2

[Event "Moscow Open 2009 A"]
[Site ""]
[Date "2009.01.31"]
[Round "1.121"]
[White "Rakhimgaliyev, Erlan"]
[Black "Mamedov, Elshad"]
[Result "1-0"]
[WhiteElo "2272"]
[BlackElo "2129"]
[Annotator ""]
[Source ""]
[Remark ""]

1.e4 c6 2.d4 d6 3.Nc3 Nd7 4.Be3 Qb6 5.Qc1 h6 6.Bc4 g5 7.Nge2
Bg7 8.f3 Nf8 9.Bb3 Bd7 10.Qd2 a5 11.O-O-O Qc7 12.Ng3 Nf6 13.f4
Rg8 14.fxg5 hxg5 15.Bxg5 b5 16.a4 bxa4 17.Nxa4 c5 18.dxc5 dxc5
19.e5 N6h7 20.Qd5 Nxg5 21.Qxa8+ Qd8 22.Qb7 Bxe5 23.Nxc5 Nge6
24.Nge4 Bd6 25.Nxe6 fxe6 26.Rhf1 a4 27.Bxa4 1-0

[Event "Moscow Open 2009 A"]
[Site ""]
[Date "2009.01.31"]
[Round "1.122"]
[White "Vakhlamov, Igor L"]
[Black "Cherenkova, Kristina"]
[Result "0-1"]
[WhiteElo "2127"]
[BlackElo "2270"]
[Annotator ""]
[Source ""]
[Remark ""]

1.e4 c5 2.Nf3 e6 3.d4 cxd4 4.Nxd4 Nc6 5.Nc3 Qc7 6.Be3 a6 7.Bd3
Nf6 8.O-O Bd6 9.f4 Nxd4 10.e5 Bc5 11.exf6 Nxc2 12.fxg7 Bxe3+
13.Kh1 Rg8 14.Qxc2 Rxg7 15.Qe2 Bd4 16.Rac1 Bxc3 17.Rxc3 Qd8 18.f5
d6 19.fxe6 Bxe6 20.Bf5 Qe7 21.Bxe6 fxe6 22.Qh5+ Rg6 23.Rcf3 O-O-O
24.Rf7 Qg5 25.Qf3 Qb5 26.Rc1+ Kb8 27.Rcc7 d5 28.Rxh7 Rdg8 29.Rc2
Qb4 30.Qe3 d4 31.Qe5+ Ka8 32.Rd7 Rg5 33.Qe4 Qb5 34.Rf7 d3 35.Rd2
Rd5 36.Qh4 Qc4 37.Qf2 Qc1+ 38.Qf1 Qxf1+ 39.Rxf1 0-1

[Event "Moscow Open 2009 A"]
[Site ""]
[Date "2009.01.31"]
[Round "1.123"]
[White "Nukin, Ashat"]
[Black "Meribanov, Vitaly"]
[Result "1-0"]
[WhiteElo "2270"]
[BlackElo "2125"]
[Annotator ""]
[Source ""]
[Remark ""]

1.e4 c5 2.Nf3 Nc6 3.d4 cxd4 4.Nxd4 Nf6 5.Nc3 e5 6.Ndb5 d6 7.Bg5
a6 8.Na3 b5 9.Bxf6 gxf6 10.Nd5 f5 11.Bd3 Be6 12.Qh5 Bg7 13.O-O
f4 14.c4 b4 15.Nc2 a5 16.g3 O-O 17.Rad1 fxg3 18.fxg3 f6 19.Be2
Ne7 20.Bg4 Bf7 21.Qh3 Nxd5 22.Bf5 h6 23.exd5 Kh8 24.Rde1 Bg8
25.Re4 Bh7 26.Ne3 Rf7 27.Kh1 Qf8 28.Rh4 Bxf5 29.Rxf5 Qc8 30.Rxh6+
Bxh6 31.Qxh6+ Kg8 32.Rh5 Rg7 33.Nf5 Qf8 34.Nxd6 Qxd6 35.Qh8+
Kf7 36.Qxa8 Qc7 37.Rh8 Kg6 38.Qe8+ Kf5 39.Qe6+ Kg6 40.Qg4+ Kf7
41.Qh5+ 1-0

[Event "Moscow Open 2009 A"]
[Site ""]
[Date "2009.01.31"]
[Round "1.124"]
[White "Yeo, Michael J"]
[Black "Gaspariants, Garry"]
[Result "1/2-1/2"]
[WhiteElo "2120"]
[BlackElo "2268"]
[Annotator ""]
[Source ""]
[Remark ""]

1.e4 e5 2.Nf3 Nc6 3.Bc4 Bc5 4.b4 Be7 5.c3 Nf6 6.d3 d6 7.Nbd2
O-O 8.Nf1 a6 9.a4 Bd7 10.Ng3 Qe8 11.O-O Nd8 12.d4 Nc6 13.h3 Kh8
14.Re1 Qc8 15.Ng5 Nd8 16.Qb3 Kg8 17.Qc2 b5 1/2-1/2

[Event "Moscow Open 2009 A"]
[Site ""]
[Date "2009.01.31"]
[Round "1.125"]
[White "Syrchikov, Alexander"]
[Black "Markevich, Arseniy"]
[Result "1/2-1/2"]
[WhiteElo "2261"]
[BlackElo "2116"]
[Annotator ""]
[Source ""]
[Remark ""]

1.d4 Nf6 2.Nf3 d5 3.Bg5 Ne4 4.Bf4 c5 5.c3 cxd4 6.cxd4 Nc6 7.Nc3
Qb6 8.Qb3 Qxb3 9.axb3 e5 10.dxe5 Bb4 11.Bd2 Nxd2 12.Nxd2 Be6
13.Nb5 Ke7 14.e3 a6 15.Nd4 Nxe5 16.Be2 Rac8 17.Rd1 Nc6 18.N4f3
d4 19.O-O dxe3 20.fxe3 Na5 21.Nd4 Bxd2 22.Rxd2 Nxb3 23.Nxb3 Bxb3
24.Bf3 Rc7 25.Bd5 Bxd5 26.Rxd5 Rd8 27.Rxf7+ Kxf7 28.Rxd8 Rc1+
29.Kf2 Rc2+ 30.Kf3 Rxb2 31.Rd7+ Kf6 32.g4 a5 33.g5+ Kg6 34.Rd6+
Kf7 35.Rd7+ Kf8 36.Rd8+ Ke7 37.Ra8 Rb5 38.Kf4 Rb4+ 39.e4 a4 40.h4
Kf7 41.h5 Ke6 42.Ra7 Kd6 43.Kf5 Rb5+ 44.Kf4 Rb4 45.Kf5 Kc5 46.e5
Kb6 47.Ra8 Kc6 48.g6 hxg6+ 49.Kxg6 Kd5 50.Ra5+ b5 51.Kxg7 Kxe5
52.h6 Kd5 53.h7 Rg4+ 54.Kf6 Rh4 55.Rxb5+ Kc4 56.Ra5 Kb3 57.Kg6
Rxh7 1/2-1/2

[Event "Moscow Open 2009 A"]
[Site ""]
[Date "2009.01.31"]
[Round "1.126"]
[White "Kaljaev, Viacheslav"]
[Black "Vorobjov, Denis S"]
[Result "0-1"]
[WhiteElo "2106"]
[BlackElo "2259"]
[Annotator ""]
[Source ""]
[Remark ""]

1.Nf3 d5 2.d4 Nf6 3.e3 Bf5 4.b3 h6 5.Bb2 e6 6.a3 Be7 7.Nbd2 O-O
8.Be2 Nfd7 9.O-O Bf6 10.Ne5 c5 11.f4 cxd4 12.exd4 Be7 13.Kh1
Nc6 14.Bf3 Rc8 15.Nxc6 bxc6 16.c4 Bf6 17.b4 c5 18.cxd5 exd5 19.Bxd5
Nb6 20.Be4 Bxe4 21.Nxe4 Nc4 22.Nxf6+ Qxf6 23.Rb1 cxb4 24.axb4
Ne3 25.d5 Qg6 26.Qf3 Nxf1 27.Rxf1 Rc2 28.Bd4 Re8 29.Bxa7 Ree2
30.Rg1 Qf5 31.Bc5 h5 32.d6 h4 33.h3 Red2 34.Rd1 Rxg2 35.d7 Rh2+
36.Kg1 Qg6+ 37.Kf1 0-1

[Event "Moscow Open 2009 A"]
[Site ""]
[Date "2009.01.31"]
[Round "1.127"]
[White "Biryukov, Mikhail"]
[Black "Kanygin, Nikolai N"]
[Result "1/2-1/2"]
[WhiteElo "2257"]
[BlackElo "2106"]
[Annotator ""]
[Source ""]
[Remark ""]

1.e4 c5 2.Nf3 Nc6 3.d4 cxd4 4.Nxd4 e5 5.Nb5 a6 6.Nd6+ Bxd6 7.Qxd6
Qf6 8.Qxf6 Nxf6 9.Nc3 Nb4 10.Bd3 d5 11.Nxd5 Nfxd5 12.exd5 Nxd3+
13.cxd3 Bf5 14.O-O O-O-O 15.d4 Rxd5 16.dxe5 Rxe5 17.Bf4 Rc5 18.Rac1
Rc6 19.Rxc6+ bxc6 20.Re1 Kd7 21.Rd1+ Ke7 1/2-1/2

[Event "Moscow Open 2009 A"]
[Site ""]
[Date "2009.01.31"]
[Round "1.128"]
[White "Shurunov, Arseny"]
[Black "Kozlov, Gennady"]
[Result "0-1"]
[WhiteElo "2105"]
[BlackElo "2257"]
[Annotator ""]
[Source ""]
[Remark ""]

1.e4 e6 2.d4 d5 3.Nd2 c5 4.exd5 exd5 5.Ngf3 Nf6 6.Bb5+ Bd7 7.Bxd7+
Nbxd7 8.O-O Be7 9.dxc5 Nxc5 10.Nb3 Nce4 11.Be3 O-O 12.Nfd4 Re8
13.Re1 Rc8 14.c3 Nd6 15.Qc2 b5 16.Nf5 a5 17.Nxe7+ Rxe7 18.Bd4
Nde4 19.f3 a4 20.Nd2 Ng5 21.Rxe7 Qxe7 22.Nf1 Ne6 23.Rd1 a3 24.Bf2
axb2 25.Qxb2 Nf4 26.Ng3 Qd6 27.Bd4 0-1

[Event "Moscow Open 2009 A"]
[Site ""]
[Date "2009.01.31"]
[Round "1.129"]
[White "Kolomensky, Vladimir"]
[Black "Gnydka, Yaroslav"]
[Result "1-0"]
[WhiteElo "2253"]
[BlackElo "2098"]
[Annotator ""]
[Source ""]
[Remark ""]

1.e4 e5 2.Nf3 Nc6 3.Bc4 Nf6 4.d4 exd4 5.e5 d5 6.Bb5 Ne4 7.Nxd4
Bd7 8.Bxc6 bxc6 9.O-O Bc5 10.f3 Ng5 11.Be3 O-O 12.f4 Ne4 13.Nd2
f5 14.Nxe4 fxe4 15.Qd2 Bb6 16.Nb3 Qe7 17.Qc3 Rad8 18.Nc5 Bg4
19.b4 Be2 20.Bf2 Bc4 21.f5 a5 22.a3 axb4 23.axb4 Rfe8 24.Bd4
Bxc5 25.bxc5 Qg5 26.e6 Ra8 27.Rae1 Rf8 28.f6 gxf6 29.Bxf6 Qg6
30.e7 1-0

[Event "Moscow Open 2009 A"]
[Site ""]
[Date "2009.01.31"]
[Round "1.131"]
[White "Dimukhametov, Artur"]
[Black "Apryshko, Gleb"]
[Result "0-1"]
[WhiteElo "2250"]
[BlackElo "2074"]
[Annotator ""]
[Source ""]
[Remark ""]

1.d4 Nf6 2.c4 e6 3.Nc3 Bb4 4.Qc2 d5 5.a3 Bxc3+ 6.Qxc3 Ne4 7.Qc2
Qf6 8.Nf3 Nc6 9.e3 Qg6 10.b4 dxc4 11.Nh4 Qg4 12.g3 Nd6 13.f4
Qh5 14.Bd2 a5 15.Bg2 Qb5 16.O-O axb4 17.axb4 Rxa1 18.Rxa1 Nxb4
19.Bxb4 Qxb4 20.Rb1 Qa3 21.e4 Qd3 22.Qxd3 cxd3 23.Rd1 Ke7 24.Rxd3
Rd8 25.Rb3 Nc4 26.Nf3 Nd6 27.Nd2 Ne8 28.Rb4 c5 29.Rc4 b6 30.Nb3
Nd6 31.Rc1 c4 32.Nd2 b5 33.g4 Ne8 34.Nf3 Nc7 35.Ra1 Ba6 36.Ne5
Rd6 37.d5 Rb6 38.Nc6+ Kd7 39.dxe6+ Nxe6 40.e5 Bb7 41.Ra7 Rxc6
42.Rxb7+ Rc7 43.Rxb5 c3 44.Rd5+ Ke7 45.Be4 Nxf4 0-1

[Event "Moscow Open 2009 A"]
[Site ""]
[Date "2009.01.31"]
[Round "1.132"]
[White "Mukashev, Assan"]
[Black "Morev, Ivan"]
[Result "0-1"]
[WhiteElo "2071"]
[BlackElo "2249"]
[Annotator ""]
[Source ""]
[Remark ""]

1.d4 Nf6 2.c4 g6 3.Nc3 d6 4.e4 Bg7 5.f3 c6 6.Be3 O-O 7.Qd2 a6
8.g4 b5 9.h4 h5 10.g5 Nfd7 11.b4 a5 12.cxb5 axb4 13.Nce2 c5 14.Rd1
Qa5 15.Nc1 Nb6 16.Nb3 Qxa2 17.Qxa2 Rxa2 18.dxc5 Ra3 19.cxd6 exd6
20.Bxb6 Rxb3 21.Rxd6 Be6 22.Ne2 Rb1+ 23.Kf2 Nd7 24.Bd4 Ne5 25.Bg2
Rxh1 26.Bxh1 Rb8 27.f4 Nc4 28.Rc6 b3 29.Bxg7 Kxg7 30.Nc3 b2 31.Nb1
Rxb5 32.Ke2 Rb3 33.Kd1 Na3 34.Nxa3 Rxa3 35.Kc2 Ra1 36.Kxb2 Rxh1 0-1

[Event "Moscow Open 2009 A"]
[Site ""]
[Date "2009.01.31"]
[Round "1.134"]
[White "Kim, Timur"]
[Black "Baghdasaryan, Vahe"]
[Result "0-1"]
[WhiteElo "2010"]
[BlackElo "2246"]
[Annotator ""]
[Source ""]
[Remark ""]

1.c4 c5 2.Nc3 Nc6 3.g3 g6 4.Bg2 Bg7 5.Nf3 e5 6.d3 Nge7 7.O-O
O-O 8.e4 d6 9.Ne1 f5 10.f4 exf4 11.gxf4 Bxc3 12.bxc3 fxe4 13.Bxe4
Bh3 14.Bg2 Bxg2 15.Kxg2 Nf5 16.Be3 Qf6 17.Qd2 Rae8 18.Rd1 h5
19.Bf2 h4 20.h3 Nce7 21.d4 cxd4 22.cxd4 Ng3 23.Bxg3 hxg3 24.Rf3
Nf5 25.Nd3 Nh4+ 0-1

[Event "Moscow Open 2009 A"]
[Site ""]
[Date "2009.01.31"]
[Round "1.135"]
[White "Tilicheev, Viacheslav"]
[Black "Mingaleev, Ildar"]
[Result "1-0"]
[WhiteElo "2242"]
[BlackElo "2009"]
[Annotator ""]
[Source ""]
[Remark ""]

1.d4 d5 2.c4 e6 3.Nc3 Nf6 4.cxd5 exd5 5.Bg5 Be7 6.Qc2 g6 7.e3
Bf5 8.Qb3 c6 9.Qxb7 O-O 10.Qxa8 Qb6 11.O-O-O Nbd7 12.Na4 Qa5
13.Qxc6 Nb6 14.Nxb6 axb6 15.Bxf6 Bxf6 16.Bd3 Rc8 17.Qxc8+ Bxc8
18.Kb1 Be7 19.Ne2 b5 20.Rc1 Bb7 21.Rc2 b4 22.b3 Ba6 23.Bxa6 Qxa6
24.Nf4 Qd6 25.Rc8+ Kg7 26.Rhc1 Bg5 27.R1c6 Qd7 28.Ne6+ Kh6 29.R8c7
Qe8 30.Nxg5 Kxg5 31.g3 f5 32.Rc2 h5 33.h4+ Kg4 34.Kb2 Kf3 35.R7c5
Qd8 36.Rc6 Qe8 37.Rb6 g5 38.hxg5 Qd8 39.Rxb4 Qxg5 40.Rb8 h4 41.gxh4
Qxh4 42.a4 Qf6 43.Rbc8 f4 44.R8c3 fxe3 45.fxe3 Qb6 46.Ka3 Qd6+
47.b4 1-0

[Event "Moscow Open 2009 A"]
[Site ""]
[Date "2009.01.31"]
[Round "1.137"]
[White "Nazaryev, Sergey"]
[Black "Gorin, Alexandr"]
[Result "1-0"]
[WhiteElo "2236"]
[BlackElo "2004"]
[Annotator ""]
[Source ""]
[Remark ""]

1.d4 Nf6 2.Nf3 b6 3.g3 Bb7 4.Bg2 e6 5.O-O Be7 6.c4 O-O 7.Nc3
Ne4 8.Qc2 Nxc3 9.Qxc3 d5 10.cxd5 Bxd5 11.Bf4 Bd6 12.Rfc1 a5 13.a3
Bxf4 14.gxf4 Bxf3 15.Qxf3 Ra7 16.e3 a4 17.Rc4 g5 18.Rac1 g4 19.Qxg4+
Kh8 20.Qg5 f6 21.Qh4 Rg8 22.Kf1 c5 23.Be4 Rag7 24.Ke2 Nd7 25.Rxa4
b5 26.Ra8 Qe7 27.Rxg8+ Kxg8 28.dxc5 Nxc5 29.b4 Nd7 30.f5 Nb6
31.Qf4 e5 32.Qf3 h6 33.Bd5+ Kh7 34.Be6 Qa7 35.Rc3 Na4 36.Rc2
Nb6 37.Qc6 e4 38.Qxe4 Qxa3 39.Qd4 Na4 40.Kf3 Nb6 41.Qxb6 Qd3
42.Rc1 Qd2 43.Qc5 h5 44.Ra1 Kh6 45.Qd4 Qc2 46.Qxf6+ Kh7 47.Bd5
Qc7 48.Ra6 1-0

[Event "Moscow Open 2009 A"]
[Site ""]
[Date "2009.01.31"]
[Round "1.140"]
[White "Jakovlev, Alexander"]
[Black "Zhadanov, Nikolay"]
[Result "0-1"]
[WhiteElo "1957"]
[BlackElo "2226"]
[Annotator ""]
[Source ""]
[Remark ""]

1.Nc3 d5 2.d4 Nf6 3.g3 Bf5 4.Bg2 e6 5.e3 c5 6.dxc5 Bxc5 7.Nge2
O-O 8.O-O Nc6 9.a3 Qe7 10.Nd4 Bg6 11.Nxc6 bxc6 12.b4 Bd6 13.Rb1
Rfc8 14.Ne2 a5 15.Bd2 axb4 16.axb4 Ra2 17.Rc1 Bxb4 18.Nc3 Ra7
19.Ne2 Ba3 20.Ra1 Qc5 21.c3 e5 22.h3 Rb7 23.Qa4 Bb2 24.Ra2 Bd3
25.Qd1 Qc4 26.Rxb2 Rxb2 27.Re1 Rb1 28.Nc1 Ne4 29.Qg4 Rcb8 30.Bxe4
Qxe4 31.Qd1 R8b2 0-1